000 00479nam a2200181Ia 4500
008 100917s9999 xx 000 0 und d
082 _b22104
100 _aकर्णिक मधु मंगेश
245 _aगुंजा
260 _bमॅजेस्टिक बुक स्टॅाल
_c1965
300 _a169
365 _b5
520 _aकथा
630 _aगुंजा
650 _aकथा
730 _aगुंजा
942 _cBOOK
999 _c627498
_d627495